Expressions et métiers 5 (click quiz) - Statistiques

Statistiques générales
  • Ce quiz a été pris 96 fois
  • Le résultat moyen est 6 sur 8
Statistiques - réponses
Hint Réponse % Correct
Rouler des mécaniques Garagiste
92%
Prendre la température Médecin
92%
Etre sous presse Imprimeur
85%
L'avoir dans l'os Ostéopathe
84%
De haute volée Tennisman
73%
Faire ouvrir des yeux comme des soucoupes Spationaute
72%
Un peu, mon neveu ! Généalogiste
71%
Sec comme un coup de trique Mannequin
47%
Aucun quiz correspondant
Distribution des résultats
% des personnes avec chaque résultat
Percentile par nombre de réponses
Votre historique - résultats
Vous n’avez pas pris ce quiz